MARC details
| 000 -CABECERA |
| campo de control de longitud fija |
00970nam a2200265 a 4500 |
| 001 - NÚMERO DE CONTROL |
| campo de control |
000022014 |
| 005 - FECHA Y HORA DE LA ÚLTIMA TRANSACCIÓN |
| campo de control |
20250711124154.0 |
| 008 - DATOS DE LONGITUD FIJA--INFORMACIÓN GENERAL |
| campo de control de longitud fija |
100915s1974 mx ad r 000 0 spa d |
| 040 ## - FUENTE DE LA CATALOGACIÓN |
| Centro catalogador/agencia de origen |
DO-SdBNP |
| Lengua de catalogación |
spa |
| Centro/agencia transcriptor |
BNPHU |
| 082 ## - NÚMERO DE LA CLASIFICACIÓN DECIMAL DEWEY |
| Número de clasificación |
371.26 |
| Número de documento/Ítem |
K18m |
| 049 ## - FONDOS LOCALES (OCLC) |
| Fondos de biblioteca |
BNGR |
| 100 1# - ENTRADA PRINCIPAL--NOMBRE DE PERSONA |
| Nombre de persona |
Karmel, Louis J. |
| 9 (RLIN) |
45640 |
| 245 10 - MENCIÓN DE TÍTULO |
| Título |
Medición y evaluación escolar / |
| Mención de responsabilidad, etc. |
Louis J. Karmel ; traducción Javier Aguilar V. |
| 260 ## - PUBLICACIÓN, DISTRIBUCIÓN, ETC. |
| Lugar de publicación, distribución, etc. |
México, D. F. : |
| Nombre del editor, distribuidor, etc. |
Centro Regional de Ayuda Técnica, |
| Fecha de publicación, distribución, etc. |
1974. |
| 300 ## - DESCRIPCIÓN FÍSICA |
| Extensión |
546 p. : |
| Otras características físicas |
il., diag. ; |
| Dimensiones |
23 cm. |
| 500 ## - NOTA GENERAL |
| Nota general |
Incluye índice de nombres. |
| 500 ## - NOTA GENERAL |
| Nota general |
Incluye glosario de términos. |
| 500 ## - NOTA GENERAL |
| Nota general |
Incluye test representativos. |
| 500 ## - NOTA GENERAL |
| Nota general |
Incluye índice analítico. |
| 504 ## - NOTA DE BIBLIOGRAFÍA, ETC. |
| Nota de bibliografía, etc. |
Incluye referencias bibliográficas y notas al pie de las páginas. |
| 650 #4 - PUNTO DE ACCESO ADICIONAL DE MATERIA--TÉRMINO DE MATERIA |
| Término de materia o nombre geográfico como elemento de entrada |
Mediciones y pruebas educativas |
| 9 (RLIN) |
2223 |
| 650 #0 - PUNTO DE ACCESO ADICIONAL DE MATERIA--TÉRMINO DE MATERIA |
| Término de materia o nombre geográfico como elemento de entrada |
Evaluación educativa |
| 9 (RLIN) |
17494 |
| 650 #0 - PUNTO DE ACCESO ADICIONAL DE MATERIA--TÉRMINO DE MATERIA |
| Término de materia o nombre geográfico como elemento de entrada |
Planificación educativa |
| 9 (RLIN) |
17484 |
| 700 1# - PUNTO DE ACCESO ADICIONAL--NOMBRE DE PERSONA |
| Nombre de persona |
Aguilar V., Javier, |
| Término indicativo de función/relación |
tr. |
| 9 (RLIN) |
45641 |